| Tag |
First Indicator |
Second Indicator |
Subfields |
| LEADER |
00000cam a2200000 4500 |
| 001 |
in00000252521 |
| 005 |
20151010053305.0 |
| 008 |
731217s1951 txuc b 00000 eng d |
| 010 |
|
|
|a 52062060
|
| 035 |
|
|
|a (OCoLC)00761323
|
| 035 |
|
|
|9 ABC3954AM
|
| 040 |
|
|
|c KSU
|d TXA
|d UtOrBLW
|
| 049 |
|
|
|a TXAM
|c [224424]
|
| 050 |
0 |
0 |
|a F1401
|b .T45 no. 12
|
| 082 |
0 |
|
|a 972.08/1/0924
|a B
|
| 100 |
1 |
|
|a Knapp, Frank A.
|q (Frank Averill),
|d 1922-
|
| 245 |
1 |
4 |
|a The life of Sebastian Lerdo de Tejada, 1823-1889 :
|b a study of influence and obscurity.
|
| 264 |
|
1 |
|a Austin :
|b University of Texas Press,
|c 1951.
|
| 300 |
|
|
|a ix, 292 pages :
|b portrait ;
|c 26 cm.
|
| 336 |
|
|
|a text
|b txt
|2 rdacontent
|
| 337 |
|
|
|a unmediated
|b n
|2 rdamedia
|
| 338 |
|
|
|a volume
|b nc
|2 rdacarrier
|
| 490 |
1 |
|
|a Latin-American studies, 12
|
| 504 |
|
|
|a Bibliography: pages [269]-280.
|
| 600 |
1 |
0 |
|a Lerdo de Tejada, Sebastián,
|d 1823-1889.
|
| 830 |
|
0 |
|a Latin-American studies (University of Texas at Austin. Institute of Latin American Studies) ;
|v 12.
|
| 999 |
|
|
|a MARS
|
| 999 |
f |
f |
|s c0081071-5d26-3201-999d-5aa857b8d2f2
|i 15b08097-3bac-3c44-83b7-a91444bc7264
|t 0
|
| 952 |
f |
f |
|p ric
|a Texas A&M University
|b Rellis Campus
|c Joint Library Facility
|d Remote Storage
|t 0
|e F1401 .T45 no. 12
|h Library of Congress classification
|i unmediated -- volume
|m A14802346695
|
| 998 |
f |
f |
|a F1401 .T45 no. 12
|t 0
|l Remote Storage
|